উলূমু ল - কুরআন / (Record no. 40599)
[ view plain ]
| 000 -LEADER | |
|---|---|
| fixed length control field | 00835nam a2200241 a 4500 |
| 001 - CONTROL NUMBER | |
| control field | 40599 |
| 003 - CONTROL NUMBER IDENTIFIER | |
| rucl marc code | BD-RjUL |
| 005 - DATE AND TIME OF LATEST TRANSACTION | |
| control field | 20211209053240.0 |
| 008 - FIXED-LENGTH DATA ELEMENTS--GENERAL INFORMATION | |
| fixed length control field | 160504s2001 bg ||||| |||| 00| 0 ben d |
| 020 ## - INTERNATIONAL STANDARD BOOK NUMBER | |
| Terms of availability | : Tk.80.00 |
| 035 ## - SYSTEM CONTROL NUMBER | |
| System control number | (BD-RjUL)40714 |
| 040 ## - CATALOGING SOURCE | |
| Original cataloging agency | BD-RjUL |
| Language of cataloging | ben |
| Transcribing agency | BD-RjUL |
| 041 ## - LANGUAGE CODE | |
| Language code of text/sound track or separate title | ben |
| 082 ## - DEWEY DECIMAL CLASSIFICATION NUMBER | |
| Edition number | 23 |
| Classification number | 297.1 |
| Author mark and year | SHU 2001 |
| 100 ## - MAIN ENTRY--PERSONAL NAME | |
| Personal name | শফিকুল্লাহ, মুহাম্মদ |
| 9 (RLIN) | 124762 |
| 245 10 - TITLE STATEMENT | |
| Title | উলূমু ল - কুরআন / |
| Statement of responsibility, etc. | মুহাম্মদ শফিকুল্লাহ |
| 260 ## - PUBLICATION, DISTRIBUTION, ETC. (IMPRINT) | |
| Place of publication, distribution, etc. | রাজশাহী : |
| Name of publisher, distributor, etc. | আল-মাকতাবাতুশ-শাফি ঈয়্যাহ, |
| Date of publication, distribution, etc. | ২০০১ |
| 300 ## - PHYSICAL DESCRIPTION | |
| Pagination | খন্ড |
| Size | ২২ সেমি. |
| 505 ## - FORMATTED CONTENTS NOTE | |
| Formatted contents note | খন্ড ১-- |
| 650 ## - SUBJECT ADDED ENTRY--TOPICAL TERM | |
| Topical term or geographic name as entry element | ইসলাম |
| 9 (RLIN) | 124948 |
| Topical term or geographic name as entry element | Islam |
| 9 (RLIN) | 124949 |
| 942 ## - ADDED ENTRY ELEMENTS (KOHA) | |
| Source of classification or shelving scheme | Dewey Decimal Classification |
| Koha item type | Books |
| Lost status | Source of classification or shelving scheme | Damaged status | Not for loan | Collection code | Permanent Location | Current Location | Shelving location | Date acquired | Source of acquisition | Cost, normal purchase price | Total Checkouts | Full call number | Date last seen | Copy number | Koha item type | Date checked out | Total Renewals |
|---|---|---|---|---|---|---|---|---|---|---|---|---|---|---|---|---|---|
| Dewey Decimal Classification | Not For Loan | Non-fiction | Central Library, University of Rajshahi | Central Library, University of Rajshahi | Reading Room | 25/09/2001 | Islamic studies dept. | 80.00 | B 297.1 SHU V-1 2001 | 30/05/2016 | C-1 | Books | |||||
| Dewey Decimal Classification | Non-fiction | Central Library, University of Rajshahi | Central Library, University of Rajshahi | 25/09/2001 | Islamic studies dept | 80.00 | 1 | B 297.1 SHU V-1 2001 | 24/07/2018 | C-2 | Books | 11/07/2018 | |||||
| Dewey Decimal Classification | Non-fiction | Central Library, University of Rajshahi | Central Library, University of Rajshahi | 25/09/2001 | Islamic studies dept | 80.00 | 1 | B 297.1 SHU V-1 2001 | 06/08/2019 | C-3 | Books | 10/07/2019 | 1 | ||||
| Dewey Decimal Classification | Non-fiction | Central Library, University of Rajshahi | Central Library, University of Rajshahi | 25/09/2001 | Islamic studies dept. | 80.00 | B 297.1 SHU V-1 2001 | 04/05/2016 | C-4 | Books | |||||||
| Dewey Decimal Classification | Non-fiction | Central Library, University of Rajshahi | Central Library, University of Rajshahi | 25/09/2001 | Islamic studies dept. | 80.00 | B 297.1 SHU V-1 2001 | 04/05/2016 | C-5 | Books | |||||||
| Dewey Decimal Classification | Non-fiction | Central Library, University of Rajshahi | Central Library, University of Rajshahi | 25/09/2001 | Islamic studies dept. | 80.00 | 1 | B 297.1 SHU V-1 2001 | 22/07/2018 | C-6 | Books | 10/07/2018 | |||||
| Dewey Decimal Classification | Non-fiction | Central Library, University of Rajshahi | Central Library, University of Rajshahi | 25/09/2001 | Islamic studies dept. | 80.00 | 1 | B 297.1 SHU V-1 2001 | 11/08/2016 | C-7 | Books | 18/07/2016 |